Estudio dirigido de matemática 3; para tercer año del ciclo básico. libro del docente /

Guardado en:
Autor Principal: Englebert, Susana
Formato: Libro
Publicado: Buenos Aires : A-z, 1989
Materias:
Etiquetas: Agregar Etiqueta
Sin Etiquetas, Sea el primero en etiquetar este registro!
LEADER 00550nam a22001695a 4500
001 CEM.cems002250
005 20060216000000.0
008 130507s1989##################000#0#####d
003 CEMS
082 0 4 |a 510 
100 1 |a Englebert, Susana 
245 1 0 |a Estudio dirigido de matemática 3; para tercer año del ciclo básico. libro del docente /  |c Susana Englebert 
260 |a Buenos Aires :  |b A-z,  |c 1989 
300 |a 57 p. 
653 |a Matematica 
653 |a Matematica 2do. año-ejercicios 
859 |a CEMS  |b BIB. CEMS - 11 de abril  |h 510  |i En35-1/III  |p 15557.89  |t Ej.1